| 000 | 00799nas a2200253 4500 | ||
|---|---|---|---|
| 001 | BR2010003548 | ||
| 003 | BR-BrBNA | ||
| 005 | 20231205114150.0 | ||
| 007 | ta | ||
| 008 | 230509b bl.|||p| |||| 00| 00por d | ||
| 040 |
_aBR-BrBNA _bpor _cBiblioteca Nacional de Agricultura |
||
| 041 | _a(Pt) | ||
| 072 | _aE13; E14 | ||
| 100 | 1 | _aCastro, E.R. de | |
| 100 | 1 | _aTeixeira, E.C. | |
| 245 | 1 | _aCrédito rural e oferta agrícola | |
| 650 | _aCREDITO RURAL | ||
| 650 | _aPOLÍTICA DE CREDITO | ||
| 650 | _aOFERTA DE PRODUTO | ||
| 773 | 0 |
_tRevista de Política Agrícola (Brazil) _xISSN 1413-4969 _g(Jan-Mar 2010), v. 19(1) p. 9-16 _wBR2010003548 |
|
| 856 | 4 |
_uRev_Pol_Agr_v19_n1-2010.pdf#page=10 _yRecurso eletrônico (PDF) |
|
| 909 |
_a202311 _bLúcia _c55 _dLúcia Elande |
||
| 942 |
_2AGRIS _n0 _cANA |
||
| 999 |
_c207384 _d207384 |
||